000 00877nam a2200277Ia 4500
003 OSt
005 20220923211000.0
006 a|||||r|||| 00| 0
007 ta
008 220922b |||||||| |||| 00| 0 hin d
020 _a8170161878 (hb)
024 _a231,005
037 _cTextual
040 _aARTS
_cARTS
_bhin
041 _2hin
_ahin
082 _aO152,3N44,ID, N4
100 _aमैत्रेयी, पुष्पा
_9156811
245 0 _aइदन्नमम
246 _aIdannamama
250 _aद्वितीय संस्करण
260 _aनयी दिल्ली
_b किताबघर
_c1996
300 _a368पृ.
_ccm.
650 _aहिन्दी साहित्य
_9156264
942 _hO152,3N44,ID, N4
_cTEXL
_2CC
999 _c293469
_d293469